|
|
|
|
| LEADER |
00910nam a2200301 4500 |
| 001 |
DLU040028567 |
| 005 |
##20040621 |
| 040 |
# |
# |
|a DLU
|b vie
|
| 041 |
# |
# |
|a vie
|
| 044 |
# |
# |
|a vn
|
| 082 |
# |
# |
|a 327.597 051
|b Qua
|
| 245 |
# |
# |
|a Quan hệ Việt Nam - Trung Quốc :
|b những sự kiện 1991 - 2000 /
|c Trần Văn Độ chủ biên
|
| 260 |
# |
# |
|a H. :
|b Khoa học Xã hội,
|c 2002
|
| 300 |
# |
# |
|a 794 tr. ;
|c 21 cm
|
| 504 |
# |
# |
|a Tài liệu tham khảo :tr.794
|
| 651 |
# |
# |
|a Trung Quốc
|x Quan hệ ngoại giao
|z Việt Nam
|v Biên niên sự kiện.
|
| 651 |
# |
# |
|a Việt Nam
|x Quan hệ ngoại giao
|z Trung Quốc
|v Biên niên sự kiện.
|
| 700 |
# |
# |
|a Trần Văn Độ
|e chủ biên
|
| 923 |
# |
# |
|a 15/2004
|
| 992 |
# |
# |
|a 80000
|
| 994 |
# |
# |
|a DLU
|
| 900 |
# |
# |
|a True
|
| 911 |
# |
# |
|a Đào Thị Thu Huyền
|
| 925 |
# |
# |
|a G
|
| 926 |
# |
# |
|a A
|
| 927 |
# |
# |
|a SH
|
| 980 |
# |
# |
|a Thư viện Trường Đại học Đà Lạt
|